000 01088cam a2200313 4500
008 000000n2000 000 0 eng u
020 _a086017512X
020 _a0860175286
020 _a0860175294
035 _a(Sirsi) u106566
050 _a333.72
110 _aConstruction Industry Research and Information Association
_94810
245 _aEnvironmental handbook for building and civil engineering projects
260 _aLondon
_bCIRIA
_c2000
300 _a1 vol. (loose-leaf) ; 30cm.
350 _a90.00
490 _aCIRIA Publication
_vCD12, C528 & C529
505 _aPart 1. Design and specification
505 _aPart 2. Construction
505 _aPart 3. Demolition and site clearance
520 _aThis volume contains 3 separate parts which are also available from CIRIA separately.
650 _aBUILT ENVIRONMENT-CONSTRUCTION DESIGN
650 _aENVIRONMENTAL HANDBOOK
650 _aBUILDING INDUSTRY
650 _aPOLLUTION
650 _aEnvironment
_96238
690 _aENVIRONMENTAL AND LAND CONSULTANCY-ENVIRONMENTAL MANAGEMENT
942 _n0
999 _c100579
_d100579